[Event "Gibtelecom Masters 8th"]
[Site "Gibraltar"]
[Date "2010.01.28"]
[Round "4.86"]
[White "Andersen, Niels Erik"]
[Black "Vinas Guerrero, Carlos A"]
[Result "0-1"]
[WhiteElo "1965"]
[BlackElo "2120"]
[PlyCount "104"]
[EventDate "2010.01.26"]
[EventType "swiss"]
[EventRounds "10"]
[EventCountry "GGB"]
[SourceDate "2005.02.07"]

1. d4 d5 2. Nf3 Nf6 3. g3 c6 4. Bg2 Bf5 5. O-O e6 6. Nbd2 h6 7. Re1 Be7 8. c4
O-O 9. cxd5 cxd5 10. Nb3 Nc6 11. a3 a5 12. Bf4 a4 13. Nc5 Bxc5 14. dxc5 Qa5 15b4 axb3 16. Qxb3 Ra7 17. Bd2 Qa4 18. Qb2 Qc2 19. Qxc2 Bxc2 20. e3 Rfa8 21. Rac1
Be4 22. Bb4 Ra4 23. Bc3 Rxa3 24. Nd4 Bxg2 25. Nxc6 bxc6 26. Bxf6 gxf6 27. Kxg2
Ra2 28. e4 d4 29. Red1 e5 30. Rd3 Re2 31. Rb1 Rc2 32. Rb7 Rc3 33. Rxc3 dxc3 34Rb3 Ra4 35. Rxc3 Rxe4 36. h3 Kf8 37. Rd3 Rc4 38. Rd6 Rxc5 39. Rxf6 Kg7 40. Rf5
Kg6 41. g4 Rd5 42. Kf1 c5 43. Rf3 c4 44. Ke2 Rd4 45. Rc3 Kg5 46. Rf3 Re4+ 47Kf1 Rf4 48. Rc3 f6 49. f3 Rd4 50. Ke2 Rf4 51. Kf2 e4 52. Rxc4 e3+ 0-1

[Event "Gibtelecom Masters 8th"]
[Site "Gibraltar"]
[Date "2010.01.28"]
[Round "4.87"]
[White "Jacobsen, Fredrik Beer"]
[Black "Doubleday, William G"]
[Result "1-0"]
[WhiteElo "1952"]
[BlackElo "2115"]
[PlyCount "91"]
[EventDate "2010.01.26"]
[EventType "swiss"]
[EventRounds "10"]
[EventCountry "GGB"]
[SourceDate "2005.02.07"]

1. e4 c5 2. Nc3 Nc6 3. Bb5 d6 4. Bxc6+ bxc6 5. f4 Nf6 6. Nf3 g6 7. d3 Bg7 8O-O O-O 9. Qe1 Bg4 10. Qh4 Rb8 11. h3 Bxf3 12. Rxf3 d5 13. f5 dxe4 14. dxe4 Nd7
15. Bg5 Ne5 16. Rg3 f6 17. Be3 Rxb2 18. Na4 Rxc2 19. Nxc5 Qa5 20. Ne6 Rf7 21Bh6 Bxh6 22. Qxh6 Rxa2 23. Rxa2 Qxa2 24. fxg6 hxg6 25. Rxg6+ Nxg6 26. Qxg6+ Kh8
27. Qxf7 Qa1+ 28. Kf2 Qb2+ 29. Kf3 Qb3+ 30. Kf4 Qb8+ 31. Kg4 Qg8+ 32. Qxg8+
Kxg8 33. Kf5 a5 34. Nc5 Kf7 35. g4 e6+ 36. Nxe6 a4 37. Nd8+ Ke7 38. Nxc6+ Kd6
39. Nb4 Kc5 40. Na2 Kc4 41. Kxf6 Kb3 42. e5 Kxa2 43. e6 a3 44. e7 Kb1 45. e8=Q
a2 46. Qa8 1-0

[Event "Gibtelecom Masters 8th"]
[Site "Gibraltar"]
[Date "2010.01.28"]
[Round "4.88"]
[White "Allor, Chukwuka"]
[Black "Gonzalez Amaya, Millan"]
[Result "1-0"]
[WhiteElo "2100"]
[BlackElo "1805"]
[PlyCount "91"]
[EventDate "2010.01.26"]
[EventType "swiss"]
[EventRounds "10"]
[EventCountry "GGB"]
[SourceDate "2005.02.07"]

1. e4 e5 2. Nf3 Nf6 3. d4 Nxe4 4. Bd3 d5 5. Nxe5 Nd7 6. Nxd7 Bxd7 7. O-O Be7 8c4 c6 9. Nc3 Nxc3 10. bxc3 dxc4 11. Bxc4 O-O 12. Rb1 Qc7 13. Re1 Bf5 14. Rb2
Bd6 15. h3 Bg6 16. Qf3 Rae8 17. Rbe2 Rxe2 18. Qxe2 Qa5 19. Bd2 Qf5 20. g4 Qf6
21. f4 Bc2 22. Bc1 b5 23. Bxb5 cxb5 24. Qxc2 Qh4 25. Re4 Qxh3 26. Qg2 Qxg2+ 27Kxg2 f5 28. Re6 Bb8 29. Ba3 Rc8 30. gxf5 Bxf4 31. Re7 Bd2 32. d5 Bxc3 33. d6
Bf6 34. Rxa7 Rd8 35. Bc5 h5 36. d7 Kf7 37. Bb6 Ke7 38. Bxd8+ Kxd8 39. Rb7 h4
40. Rxb5 Kxd7 41. a4 Kc6 42. Kh3 Bd8 43. Rb4 Kd5 44. Rxh4 Ke5 45. Rh5 Kf6 46Kg4 1-0

[Event "Gibtelecom Masters 8th"]
[Site "Gibraltar"]
[Date "2010.01.28"]
[Round "4.89"]
[White "Mancini, Giustino"]
[Black "Fegan, Chris"]
[Result "0-1"]
[WhiteElo "1946"]
[BlackElo "2093"]
[PlyCount "49"]
[EventDate "2010.01.26"]
[EventType "swiss"]
[EventRounds "10"]
[EventCountry "GGB"]
[SourceDate "2005.02.07"]

1. d4 g6 2. c4 Bg7 3. Nc3 d6 4. Nf3 f5 5. g3 Nf6 6. Bg2 O-O 7. d5 c6 8. O-O e5
9. dxe6 Bxe6 10. Qa4 Nbd7 11. Nd2 Nb6 12. Qb3 Qc7 13. a4 a5 14. Rb1 Rab8 15. e3
Nxc4 16. Nxc4 b5 17. Rd1 Bxc4 18. Qc2 bxa4 19. Rd4 Bb3 20. Qd2 Ne4 21. Rxe4
fxe4 22. Nxe4 Bd5 23. Ng5 Bxg2 24. Kxg2 Qe7 25. h4 0-1

[Event "Gibtelecom Masters 8th"]
[Site "Gibraltar"]
[Date "2010.01.28"]
[Round "4.90"]
[White "Tari, Aryan"]
[Black "Lumsdon, Andrew"]
[Result "0-1"]
[WhiteElo "1932"]
[BlackElo "2090"]
[PlyCount "106"]
[EventDate "2010.01.26"]
[EventType "swiss"]
[EventRounds "10"]
[EventCountry "GGB"]
[SourceDate "2005.02.07"]

1. e4 c6 2. d4 d5 3. Nc3 dxe4 4. Nxe4 Nf6 5. Nxf6+ gxf6 6. Nf3 Bg4 7. Be3 e6 8h3 Bh5 9. Be2 Qc7 10. Qd2 Nd7 11. g4 Bg6 12. Nh4 O-O-O 13. Nxg6 hxg6 14. c4 c5
15. O-O-O cxd4 16. Qxd4 Bc5 17. Qc3 Bxe3+ 18. Qxe3 Qc5 19. Qxc5+ Nxc5 20. Rxd8+
Kxd8 21. f3 g5 22. Kc2 e5 23. Kc3 Ke7 24. Bd3 Ne6 25. Rh2 Nf4 26. Bf1 f5 27gxf5 Kf6 28. Rd2 Ke7 29. b3 Nh5 30. Rh2 Ng3 31. Bd3 Kf6 32. Kd2 Nxf5 33. Bxf5
Kxf5 34. Ke3 Ke6 35. Kf2 f5 36. Kg3 f4+ 37. Kf2 Kf5 38. Rh1 Rh7 39. Rd1 Rxh3
40. Rd7 Rh2+ 41. Kg1 Rxa2 42. Rxb7 g4 43. fxg4+ Kxg4 44. c5 Rc2 45. b4 a5 46bxa5 Rxc5 47. a6 Ra5 48. a7 e4 49. Kg2 Ra2+ 50. Kf1 Kf3 51. Kg1 e3 52. Re7 Ra1+
53. Kh2 e2 0-1

[Event "Gibtelecom Masters 8th"]
[Site "Gibraltar"]
[Date "2010.01.28"]
[Round "4.91"]
[White "Malia Ramirez, Jose"]
[Black "Pienabarca, Nicola"]
[Result "0-1"]
[WhiteElo "1925"]
[BlackElo "2071"]
[PlyCount "116"]
[EventDate "2010.01.26"]
[EventType "swiss"]
[EventRounds "10"]
[EventCountry "GGB"]
[SourceDate "2005.02.07"]

1. e4 e5 2. Nc3 Nf6 3. f4 d5 4. fxe5 Nxe4 5. Nf3 Be7 6. Bd3 Nc5 7. O-O Nxd3 8cxd3 O-O 9. d4 c5 10. dxc5 Bxc5+ 11. d4 Be7 12. Qe1 Be6 13. Qg3 Kh8 14. Ng5 Nc6
15. Ne2 Qb6 16. Qh4 Bxg5 17. Bxg5 Nxe5 18. Rf6 Ng6 19. Qh5 Bg4 20. Qxg4 gxf6
21. Bh6 Rg8 22. Rf1 Rae8 23. Ng3 Ne5 24. Qh4 Rg4 25. Qxf6+ Qxf6 26. Rxf6 Rxd4
27. h3 Re6 28. Bg5 Kg8 29. Rf1 Rb4 30. b3 Ng6 31. Nf5 f6 32. Nh6+ Kg7 33. Nf5+
Kf7 34. Nh6+ Ke7 35. Ng8+ Kd6 36. Nxf6 Re7 37. Rf5 Re5 38. Rxe5 Kxe5 39. Nxh7
d4 40. Kf2 Nf4 41. Kf3 Nd5 42. Bd2 Rb6 43. Ng5 Ra6 44. a4 Rb6 45. b4 Nxb4 46a5 Rf6+ 47. Ke2 Nc6 48. g4 Kd5 49. h4 Ne5 50. Nh7 d3+ 51. Ke1 Nf3+ 52. Kd1 Rc6
53. Bb4 Nxh4 54. g5 Rc4 55. Be7 Ke6 56. Bf6 Nf3 57. g6 Rg4 58. Kc1 d2+ 0-1

[Event "Gibtelecom Masters 8th"]
[Site "Gibraltar"]
[Date "2010.01.28"]
[Round "4.92"]
[White "Winkler, Stefan"]
[Black "Jameson, David"]
[Result "0-1"]
[WhiteElo "1916"]
[BlackElo "2053"]
[PlyCount "96"]
[EventDate "2010.01.26"]
[EventType "swiss"]
[EventRounds "10"]
[EventCountry "GGB"]
[SourceDate "2005.02.07"]

1. e4 e5 2. Nf3 Nc6 3. Bb5 Nf6 4. O-O Nxe4 5. Re1 Nd6 6. Nxe5 Nxe5 7. Rxe5+ Be7
8. Qg4 O-O 9. Bf1 Bf6 10. Re1 b6 11. d4 Bb7 12. c4 Re8 13. Bd2 Rxe1 14. Bxe1 c5
15. Bc3 Ne4 16. d5 Nxc3 17. Nxc3 Bxc3 18. bxc3 d6 19. Re1 Bc8 20. Qe4 Bd7 21Bd3 g6 22. Qf4 Qf8 23. h4 f5 24. Re3 Qf6 25. Bc2 Re8 26. Rxe8+ Bxe8 27. Qe3 Bf7
28. Ba4 Qxh4 29. Bb5 Qe4 30. Qg5 Kg7 31. Qd8 Qe1+ 32. Kh2 Qe5+ 33. Kg1 h6 34Qc7 g5 35. Qxa7 Qe1+ 36. Kh2 Qxf2 37. Qxb6 Qh4+ 38. Kg1 Qe1+ 39. Kh2 Qh4+ 40Kg1 Qf4 41. Qc7 g4 42. Qe7 g3 43. Qe2 Qh4 44. Qe3 Qh2+ 45. Kf1 Kf8 46. Bd7 Qh1+
47. Qg1 Qh4 48. Bb5 Qe4 0-1

[Event "Gibtelecom Masters 8th"]
[Site "Gibraltar"]
[Date "2010.01.28"]
[Round "4.94"]
[White "Sommerhalder, Eric"]
[Black "Haraldsson, Leif"]
[Result "0-1"]
[WhiteElo "1899"]
[BlackElo "2050"]
[PlyCount "62"]
[EventDate "2010.01.26"]
[EventType "swiss"]
[EventRounds "10"]
[EventCountry "GGB"]
[SourceDate "2005.02.07"]

1. e4 e5 2. Nf3 d6 3. d4 Qe7 4. dxe5 dxe5 5. Nc3 c6 6. h3 h6 7. Be3 Nf6 8. Qd2
Qc7 9. a3 Be6 10. O-O-O Be7 11. Bd3 Nbd7 12. Qe2 b5 13. g4 a5 14. Nb1 Nc5 15Nbd2 Na4 16. Nb3 Nd7 17. Nfd2 b4 18. axb4 axb4 19. Bc4 Bxc4 20. Qxc4 O-O 21Rhg1 Nab6 22. Qe2 c5 23. Nc4 Nxc4 24. Qxc4 Rfb8 25. g5 Nb6 26. Qe2 c4 27. Nd2
c3 28. Nb3 cxb2+ 29. Kb1 Ra1+ 30. Nxa1 bxa1=Q+ 31. Kxa1 Qc3+ 0-1

[Event "Gibtelecom Masters 8th"]
[Site "Gibraltar"]
[Date "2010.01.28"]
[Round "4.95"]
[White "Hamer, Martyn"]
[Black "Hegelund, Ole Jakob"]
[Result "1-0"]
[WhiteElo "2039"]
[BlackElo "1702"]
[PlyCount "41"]
[EventDate "2010.01.26"]
[EventType "swiss"]
[EventRounds "10"]
[EventCountry "GGB"]
[SourceDate "2005.02.07"]

1. d4 Nf6 2. c4 c5 3. d5 b5 4. cxb5 a6 5. bxa6 Bxa6 6. Nc3 d6 7. f4 g6 8. Nf3
Bg7 9. e4 Bxf1 10. Rxf1 Qb6 11. Qe2 O-O 12. Kf2 c4+ 13. Kg3 Nh5+ 14. Kh3 Qc7
15. g3 f5 16. e5 dxe5 17. fxe5 Nd7 18. Re1 h6 19. e6 Nb6 20. Ne5 f4 21. Nxg6
1-0

[Event "Gibtelecom Masters 8th"]
[Site "Gibraltar"]
[Date "2010.01.28"]
[Round "4.96"]
[White "Rough, Robert E"]
[Black "Bryn, Askild"]
[Result "1/2-1/2"]
[WhiteElo "1811"]
[BlackElo "2036"]
[PlyCount "85"]
[EventDate "2010.01.26"]
[EventType "swiss"]
[EventRounds "10"]
[EventCountry "GGB"]
[SourceDate "2005.02.07"]

1. d4 g6 2. Bf4 Bg7 3. e3 d6 4. Nf3 Nd7 5. c3 e5 6. dxe5 dxe5 7. Bg5 Ne7 8. e4
h6 9. Be3 O-O 10. Be2 c6 11. O-O Qc7 12. Nbd2 Nf6 13. Qc2 Ng4 14. Bc5 b6 15Ba3 f5 16. h3 Nf6 17. Nh4 c5 18. Rad1 f4 19. Nc4 g5 20. Nf3 Ng6 21. Nd6 Be6 22Bc4 Bxc4 23. Nxc4 g4 24. hxg4 Nxg4 25. Rd6 Rf6 26. Rfd1 b5 27. Rxf6 Bxf6 28Nd6 Nh4 29. Nxb5 Qf7 30. Nxh4 Bxh4 31. Bxc5 Qh5 32. Qb3+ Kh8 33. Rd7 Bxf2+ 34Bxf2 Qh2+ 35. Kf1 f3 36. Rh7+ Kxh7 37. Qf7+ Kh8 38. Qxf3 Qh1+ 39. Ke2 Rd8 40Nd6 Rxd6 41. Qf8+ Kh7 42. Qf7+ Kh8 43. Qf8+ 1/2-1/2

[Event "Gibtelecom Masters 8th"]
[Site "Gibraltar"]
[Date "2010.01.28"]
[Round "4.99"]
[White "Chidi, Lovinia Sylvia"]
[Black "Getz, Nicolai"]
[Result "0-1"]
[WhiteElo "1832"]
[BlackElo "2280"]
[PlyCount "62"]
[EventDate "2010.01.26"]
[EventType "swiss"]
[EventRounds "10"]
[EventCountry "GGB"]
[SourceDate "2005.02.07"]

1. e4 e5 2. Nf3 Nc6 3. Bb5 a6 4. Ba4 Nf6 5. O-O b5 6. Bb3 Be7 7. Re1 d6 8. h3
Na5 9. c3 Nxb3 10. axb3 Bb7 11. d3 O-O 12. Bg5 h6 13. Bxf6 Bxf6 14. d4 exd4 15cxd4 g6 16. Nc3 Bg7 17. Qd2 f5 18. Rad1 b4 19. Ne2 fxe4 20. Nh2 Qf6 21. Ng4 Qh4
22. Qxb4 Bc8 23. Qc4+ Kh7 24. Qc3 Bxg4 25. hxg4 Qxf2+ 26. Kh1 Qh4+ 27. Kg1 c5
28. Qg3 Bxd4+ 29. Rxd4 Qxg3 30. Nxg3 cxd4 31. Nxe4 d5 0-1

[Event "Gibtelecom Masters 8th"]
[Site "Gibraltar"]
[Date "2010.01.28"]
[Round "4.101"]
[White "Montero Melendez, Rafael"]
[Black "Johnson, Paul A"]
[Result "1-0"]
[WhiteElo "2248"]
[BlackElo "1904"]
[PlyCount "95"]
[EventDate "2010.01.26"]
[EventType "swiss"]
[EventRounds "10"]
[EventCountry "GGB"]
[SourceDate "2005.02.07"]

1. d4 Nf6 2. c4 e6 3. Nc3 Bb4 4. f3 d5 5. a3 Bxc3+ 6. bxc3 c5 7. cxd5 exd5 8e3 O-O 9. Bd3 Nc6 10. Ne2 Re8 11. O-O Qe7 12. Ng3 g6 13. Ra2 Be6 14. Bb1 Nd7
15. Raf2 f5 16. e4 fxe4 17. fxe4 Rf8 18. c4 Rxf2 19. Rxf2 Nxd4 20. exd5 Bf7 21Ne4 Re8 22. Bg5 Qe5 23. Qf1 Qg7 24. Nd6 Rf8 25. Be7 Ne5 26. Bxf8 Qxf8 27. Nxf7
Nxf7 28. Qd3 Qe7 29. Qe4 Ne5 30. Rf1 Qg5 31. d6 Nef3+ 32. Rxf3 Nxf3+ 33. Qxf3
Qc1+ 34. Qf1 Qe3+ 35. Kh1 Qd2 36. Be4 Qxd6 37. Bxb7 Qe7 38. Bd5+ Kg7 39. g3 Qc7
40. Qa1+ Kh6 41. Qf6 Qb8 42. Qf4+ Qxf4 43. gxf4 g5 44. f5 Kg7 45. Kg2 Kf6 46Be6 Ke5 47. Kg3 h5 48. h4 1-0

[Event "Gibtelecom Masters 8th"]
[Site "Gibraltar"]
[Date "2010.01.28"]
[Round "4.103"]
[White "Hirneise, Lothar"]
[Black "Hughes, Roy"]
[Result "0-1"]
[WhiteElo "1707"]
[BlackElo "1976"]
[PlyCount "73"]
[EventDate "2010.01.26"]
[EventType "swiss"]
[EventRounds "10"]
[EventCountry "GGB"]
[SourceDate "2005.02.07"]

1. d4 Nf6 2. c4 e6 3. Nf3 Bb4+ 4. Nc3 O-O 5. a3 Bxc3+ 6. bxc3 Ne4 7. Qc2 f5 8g3 d6 9. Bg2 Nd7 10. O-O Rb8 11. Nd2 Nxd2 12. Bxd2 Nf6 13. Bg5 h6 14. Bxf6 Qxf6
15. Qa4 a6 16. Rab1 b6 17. e3 Qe7 18. Qc2 e5 19. Qb3 Be6 20. Bd5 Bxd5 21. cxd5
f4 22. dxe5 fxg3 23. hxg3 Qxe5 24. c4 Rbe8 25. Qd3 Rf3 26. Kg2 Ref8 27. a4 a5
28. Rbc1 Qe8 29. Qd1 Qe4 30. Kg1 h5 31. Qd4 Qf5 32. e4 Qg4 33. Rc3 h4 34. Qd1
hxg3 35. Rxf3 Rxf3 36. fxg3 Qxg3+ 37. Kh1 0-1

[Event "Gibtelecom Masters 8th"]
[Site "Gibraltar"]
[Date "2010.01.30"]
[Round "5.1"]
[White "Sandipan, Chanda"]
[Black "Bacrot, Etienne"]
[Result "1/2-1/2"]
[WhiteElo "2622"]
[BlackElo "2713"]
[PlyCount "62"]
[EventDate "2010.01.26"]
[EventType "swiss"]
[EventRounds "10"]
[EventCountry "GGB"]
[SourceDate "2005.02.07"]

1. d4 Nf6 2. c4 e6 3. Nc3 Bb4 4. g3 O-O 5. Bg2 d5 6. Nf3 dxc4 7. O-O Nc6 8. a3
Be7 9. e4 Na5 10. Qe2 Nb3 11. e5 Nd5 12. Rb1 b5 13. Nxb5 Rb8 14. Qxc4 Nxc1 15Rfxc1 Ba6 16. a4 Rb6 17. Qc2 Bxb5 18. axb5 Rxb5 19. Nd2 Qd7 20. Ne4 Rfb8 21Nc3 Nxc3 22. bxc3 Rxb1 23. Rxb1 Rxb1+ 24. Qxb1 c5 25. Qb8+ Bf8 26. dxc5 Qd1+
27. Bf1 Qd5 28. Qxa7 Bxc5 29. Qb8+ Bf8 30. Qb5 Bc5 31. Qb8+ Bf8 1/2-1/2

[Event "Gibtelecom Masters 8th"]
[Site "Gibraltar"]
[Date "2010.01.30"]
[Round "5.2"]
[White "Adams, Michael"]
[Black "Koneru, Humpy"]
[Result "1-0"]
[WhiteElo "2694"]
[BlackElo "2614"]
[PlyCount "75"]
[EventDate "2010.01.26"]
[EventType "swiss"]
[EventRounds "10"]
[EventCountry "GGB"]
[SourceDate "2005.02.07"]

1. e4 e5 2. Nf3 Nf6 3. d4 Nxe4 4. Bd3 d5 5. Nxe5 Nd7 6. O-O Bd6 7. c4 Bxe5 8dxe5 Nxe5 9. cxd5 Nxd3 10. Qa4+ Kf8 11. Qxe4 Nxc1 12. Rxc1 h5 13. Na3 Rh6 14Nb5 Bd7 15. Nxc7 Rb8 16. Rc3 h4 17. Qf4 Kg8 18. h3 Qf8 19. Re1 Qd6 20. Qe3 b6
21. Qg5 b5 22. Qe7 Qxe7 23. Rxe7 Rd6 24. Rf3 Rc8 25. Rc3 b4 26. Rc5 Rb8 27. Ra5
Kf8 28. Re4 Rb7 29. Na6 b3 30. Nc5 Rc7 31. Nxb3 g5 32. Rd4 Bf5 33. Nc5 Ke7 34f3 Rb6 35. b4 Kd6 36. Kf2 Re7 37. a3 f6 38. Rd2 1-0

[Event "Gibtelecom Masters 8th"]
[Site "Gibraltar"]
[Date "2010.01.30"]
[Round "5.3"]
[White "Edouard, Romain"]
[Black "Fressinet, Laurent"]
[Result "1/2-1/2"]
[WhiteElo "2608"]
[BlackElo "2670"]
[PlyCount "47"]
[EventDate "2010.01.26"]
[EventType "swiss"]
[EventRounds "10"]
[EventCountry "GGB"]
[SourceDate "2005.02.07"]

1. e4 e5 2. Nf3 Nf6 3. d4 Nxe4 4. Bd3 d5 5. Nxe5 Nd7 6. Nxd7 Bxd7 7. O-O Bd6 8c4 c6 9. cxd5 cxd5 10. Nc3 Nxc3 11. bxc3 O-O 12. Qh5 g6 13. Qxd5 Qc7 14. Qf3
Qxc3 15. Bh6 Qxd4 16. Bxf8 Bc6 17. Be4 Bxe4 18. Rad1 Bxf3 19. Rxd4 Be5 20. Rd2
Bf4 21. Rd4 Be5 22. Rd2 Bf4 23. Rd4 Be5 24. Rd2 1/2-1/2

[Event "Gibtelecom Masters 8th"]
[Site "Gibraltar"]
[Date "2010.01.30"]
[Round "5.4"]
[White "Felgaer, Ruben"]
[Black "Fridman, Daniel"]
[Result "1/2-1/2"]
[WhiteElo "2591"]
[BlackElo "2654"]
[PlyCount "85"]
[EventDate "2010.01.26"]
[EventType "swiss"]
[EventRounds "10"]
[EventCountry "GGB"]
[SourceDate "2005.02.07"]

1. e4 e5 2. Nf3 Nf6 3. Nxe5 d6 4. Nc4 Nxe4 5. Qe2 Qe7 6. Ne3 c6 7. c4 g6 8. Nc3
Na6 9. Nc2 Nf6 10. d4 Bf5 11. Bg5 O-O-O 12. O-O-O h6 13. Bh4 g5 14. Bg3 Bg6 15Qxe7 Bxe7 16. Bd3 Nh5 17. Rhe1 Bf8 18. Bxg6 fxg6 19. d5 Nxg3 20. hxg3 Bg7 21dxc6 bxc6 22. Re6 Bxc3 23. bxc3 Nc5 24. Rexd6 Kc7 25. Rxg6 Nd3+ 26. Kb1 Nxf2
27. Rxd8 Rxd8 28. Nd4 Rd6 29. Ne6+ Kc8 30. Rg8+ Kb7 31. Rg7+ Ka6 32. Nc5+ Kb6
33. Na4+ Ka6 34. Nc5+ Kb6 35. Nd7+ Ka5 36. Kc2 Ne4 37. Re7 Rd2+ 38. Kc1 Re2 39Re5+ c5 40. Nxc5 Nxc3 41. Rxe2 Nxe2+ 42. Kd2 Nxg3 43. Kd3 1/2-1/2

[Event "Gibtelecom Masters 8th"]
[Site "Gibraltar"]
[Date "2010.01.30"]
[Round "5.5"]
[White "Gustafsson, Jan"]
[Black "Gopal, Geetha Narayanan"]
[Result "1-0"]
[WhiteElo "2627"]
[BlackElo "2584"]
[PlyCount "99"]
[EventDate "2010.01.26"]
[EventType "swiss"]
[EventRounds "10"]
[EventCountry "GGB"]
[SourceDate "2005.02.07"]

1. d4 Nf6 2. c4 g6 3. f3 d5 4. cxd5 Nxd5 5. e4 Nb6 6. Nc3 Bg7 7. Be3 O-O 8. Qd2
Nc6 9. O-O-O f5 10. e5 Nb4 11. Nh3 N4d5 12. Nf4 Nxf4 13. Bxf4 c6 14. Bh6 Be6
15. h4 f4 16. Bxf4 Nd5 17. Bg5 Rc8 18. h5 Nxc3 19. Qxc3 Qd5 20. h6 Bh8 21. Bxe7
Rf7 22. Bd6 Qxa2 23. Bd3 Rd8 24. Kd2 Qb3 25. Qxb3 Bxb3 26. Ra1 a6 27. Kc3 Be6
28. Bc4 Bxc4 29. Kxc4 Bf6 30. f4 Rfd7 31. g4 Be7 32. Bxe7 Rxe7 33. f5 Red7 34Rad1 Rd5 35. b4 Kf7 36. Rhf1 a5 37. bxa5 Rxa5 38. Ra1 Rad5 39. Rf4 Rb5 40. Ra7
Rb1 41. Rf3 Rb2 42. Rfa3 Rd5 43. R3a5 Rxa5 44. Rxa5 gxf5 45. gxf5 Rf2 46. f6
Ke6 47. Ra8 b5+ 48. Kd3 c5 49. Ra6+ Kf5 50. f7 1-0

[Event "Gibtelecom Masters 8th"]
[Site "Gibraltar"]
[Date "2010.01.30"]
[Round "5.6"]
[White "Movsesian, Sergei"]
[Black "Shankland, Samuel L"]
[Result "1-0"]
[WhiteElo "2708"]
[BlackElo "2491"]
[PlyCount "43"]
[EventDate "2010.01.26"]
[EventType "swiss"]
[EventRounds "10"]
[EventCountry "GGB"]
[SourceDate "2005.02.07"]

1. e4 c5 2. Nf3 d6 3. d4 cxd4 4. Nxd4 Nf6 5. Nc3 a6 6. Be2 e6 7. O-O Be7 8. f4
O-O 9. Be3 Nc6 10. a4 Qc7 11. Kh1 Rd8 12. Bd3 Nd7 13. Qf3 Bf6 14. Nde2 Nb4 15Qh3 g6 16. f5 exf5 17. Nf4 Bxc3 18. bxc3 Qxc3 19. exf5 Ne5 20. Qh4 Re8 21. Qf6
Nbxd3 22. cxd3 1-0

[Event "Gibtelecom Masters 8th"]
[Site "Gibraltar"]
[Date "2010.01.30"]
[Round "5.7"]
[White "Harika, Dronavalli"]
[Black "Vallejo Pons, Francisco"]
[Result "1/2-1/2"]
[WhiteElo "2471"]
[BlackElo "2705"]
[PlyCount "76"]
[EventDate "2010.01.26"]
[EventType "swiss"]
[EventRounds "10"]
[EventCountry "GGB"]
[SourceDate "2005.02.07"]

1. Nf3 g6 2. g3 Bg7 3. d4 c5 4. Bg2 cxd4 5. Nxd4 Nc6 6. Nxc6 bxc6 7. O-O Nh6 8Nd2 O-O 9. Rb1 Ba6 10. c4 Rb8 11. b4 Nf5 12. a4 Qc7 13. b5 Bb7 14. Ba3 cxb5 15Bxb7 b4 16. Rxb4 Rxb7 17. Rxb7 Qxb7 18. e4 Nd6 19. c5 Ne8 20. Qb3 Qc6 21. Qb5
Qe6 22. Qc4 Qc6 23. Qb5 Nf6 24. f3 Qe6 25. Qc4 Qe5 26. Rb1 Rc8 27. Qd3 Qc7 28Nc4 Qc6 29. Rb5 h5 30. Ne3 a6 31. Rb6 Qc7 32. Qxa6 Rf8 33. Qd3 h4 34. Kf2 Ra8
35. Qb3 hxg3+ 36. hxg3 Nh5 37. Nf1 Qe5 38. Kg2 Bf6 1/2-1/2

[Event "Gibtelecom Masters 8th"]
[Site "Gibraltar"]
[Date "2010.01.30"]
[Round "5.8"]
[White "Carlsson, Pontus"]
[Black "Kamsky, Gata"]
[Result "0-1"]
[WhiteElo "2476"]
[BlackElo "2693"]
[PlyCount "72"]
[EventDate "2010.01.26"]
[EventType "swiss"]
[EventRounds "10"]
[EventCountry "GGB"]
[SourceDate "2005.02.07"]

1. e4 c5 2. Nf3 e6 3. d4 cxd4 4. Nxd4 a6 5. Bd3 g6 6. b3 Bg7 7. Bb2 Nf6 8. O-d6 9. Nd2 O-O 10. a4 Nbd7 11. N4f3 b6 12. Nc4 Nc5 13. a5 b5 14. Nb6 Rb8 15. b4
Ncd7 16. Nxc8 Rxc8 17. Qe2 Qc7 18. Rfc1 d5 19. e5 Ng4 20. Re1 Nh6 21. Bd4 Rfe8
22. Ng5 Nf8 23. Bc5 f6 24. exf6 Bxf6 25. Bxf8 Bxg5 26. h4 Kxf8 27. hxg5 Nf7 28Qg4 e5 29. Rad1 Qe7 30. Bf1 Rcd8 31. c3 Nxg5 32. f4 Qa7+ 33. Kh2 Ne4 34. Qh4
Qf2 35. Qxf2 Nxf2 36. Rd2 Ne4 {Time} 0-1

[Event "Gibtelecom Masters 8th"]
[Site "Gibraltar"]
[Date "2010.01.30"]
[Round "5.9"]
[White "Zatonskih, Anna"]
[Black "Istratescu, Andrei"]
[Result "1/2-1/2"]
[WhiteElo "2466"]
[BlackElo "2607"]
[PlyCount "111"]
[EventDate "2010.01.26"]
[EventType "swiss"]
[EventRounds "10"]
[EventCountry "GGB"]
[SourceDate "2005.02.07"]

1. d4 d6 2. e4 g6 3. Nf3 Bg7 4. Bc4 Nf6 5. Qe2 O-O 6. O-O Bg4 7. h3 Bxf3 8Qxf3 Nc6 9. Rd1 e5 10. c3 Qe8 11. Bg5 Nd7 12. Be3 Kh8 13. dxe5 Ndxe5 14. Qe2
Nxc4 15. Qxc4 Qe6 16. Qxe6 fxe6 17. Na3 a6 18. Nc2 Ne5 19. b3 Kg8 20. Rac1 Rfe8
21. Kf1 h6 22. Bd4 g5 23. Ne3 b6 24. Ng4 Ng6 25. Bxg7 Kxg7 26. Nh2 Rf8 27. Nf3
Rf4 28. Re1 Raf8 29. Rc2 Kf7 30. Re3 Ke7 31. Ne1 c5 32. Rd2 Rc8 33. c4 Rff8 34Rf3 Ne5 35. Rxf8 Rxf8 36. Ke2 Nc6 37. Ke3 b5 38. Rc2 Nb4 39. Rb2 Rb8 40. Nd3
Nxd3 41. Kxd3 bxc4+ 42. Kxc4 Rb4+ 43. Kd3 Kf6 44. f3 a5 45. Rc2 a4 46. Rc4 Rxc4
47. bxc4 e5 48. g3 Ke6 49. Ke3 a3 50. Ke2 Kd7 51. Kd3 Kc6 52. Kc3 Kb6 53. Kb3
Ka6 54. Kxa3 Kb6 55. Kb3 Ka5 56. Ka3 1/2-1/2

[Event "Gibtelecom Masters 8th"]
[Site "Gibraltar"]
[Date "2010.01.30"]
[Round "5.10"]
[White "Lopez Martinez, Josep Manu"]
[Black "Zhukova, Natalia"]
[Result "0-1"]
[WhiteElo "2593"]
[BlackElo "2462"]
[PlyCount "122"]
[EventDate "2010.01.26"]
[EventType "swiss"]
[EventRounds "10"]
[EventCountry "GGB"]
[SourceDate "2005.02.07"]

1. e4 e6 2. d4 d5 3. Nc3 Nc6 4. Nf3 Nf6 5. e5 Ne4 6. Bd3 Bb4 7. Bd2 Nxd2 8Qxd2 Bd7 9. O-O f6 10. Qf4 O-O 11. Qg3 fxe5 12. dxe5 Bxc3 13. bxc3 Ne7 14. Rab1
Rb8 15. c4 c5 16. cxd5 exd5 17. e6 Be8 18. c3 b5 19. Ng5 Bg6 20. Rfe1 Qe8 21Nf7 Bxf7 22. exf7+ Rxf7 23. Re5 c4 24. Bc2 Qf8 25. Rbe1 Rb7 26. Qe3 Qd8 27. Re6
Qd7 28. h4 b4 29. h5 bxc3 30. Qxc3 Rb6 31. R6e5 Rbf6 32. f3 Nc6 33. Ba4 Qd6 34Re8+ Rf8 35. Kf1 Qb4 36. Qc2 Nd4 37. Qd1 c3 38. Rxf8+ Rxf8 39. Kg1 c2 40. Bxc2
Nxc2 41. Qxd5+ Kh8 42. Re4 Qb6+ 43. Kh2 Ne3 44. Qe5 Nf1+ 45. Kh1 Qb8 46. Qxb8
Rxb8 47. Re7 Ng3+ 48. Kh2 Nxh5 49. Rxa7 h6 50. g3 Rb2+ 51. Kh3 Nf6 52. g4 Nd5
53. g5 hxg5 54. Kg4 Rg2+ 55. Kf5 Kh7 56. a4 Nf6 57. a5 Rg3 58. Ra8 Rxf3+ 59Kxg5 Ra3 60. Kf5 Nd5 61. Ke4 Nb4 0-1